LEADER 01185nam a2200265 4500 001 000000340707 003 CaOOAMICUS 005 20200702164158.0 008 200623s2007 it 000 u ita r 020 $a978-88-384-8827-6 040 $aSeMil$bita 100 1 $aCammilleri, Rino$b<1950- >.$0(OLS)http://semarc/name/20063 245 10$aNuovi consigli del diavolo custode :$bper andare all'Inferno senza passare dal via /$cRino Cammilleri. 264 1$aCasale Monferrato (AL) :$bPiemme,$c2007. 300 $a187 p. ;$c21 cm 650 4$aInferno.$0(OLS)http://semarc/subject/9104 650 4$aSatana.$0(OLS)http://semarc/subject/10333 650 4$aDiavolo.$0(OLS)http://semarc/subject/17046 850 $aSeMil 852 $aSeMil$W1$xVenegono$y1$m2R VII 115$j220574$B231777$CSeMilBibl$Z2$F231777 $81 961 $aBrambilla don Paolo - Omaggio 996 $6020$a978-88-384-8827-6$9(OLS)http://semarc/number/290607 996 $6245$aNuovi consigli del diavolo custode :$bper andare all'Inferno senza passare dal via$9(OLS)http://semarc/title/429774 996 $6264$aCasale Monferrato (AL) :$bPiemme$9(OLS)http://semarc/publisher/30052 LEADER 01398nam a2200277 i 4500 001 000000070706 003 CaOOAMICUS 005 20100406000000.0 008 100406s1975 it u000 u mul u 013 $a41878 040 $aSeMil$bita 240 00$aEpistola di Barnaba.$0(OLS)http://semarc/title/113585 245 10$aEpistola di Barnaba =$bBarnabae Epistula /$cIntroduzione, testo critico, traduzione, commento, glossario e indici a cura di Francesco Scorza Barcellona. 246 01$aBarnabae Epistula 260 $aTorino :$bSocietà Editrice Internazionale,$c1975. 300 $a199 p. ;$c23 cm. 490 0 $aCorona Patrum : collezione di testi patristici greci, latini e orientali ;$v1 500 $aFrontespizio e testo in lingua originale con traduzione italiana a fronte. - Contiene : Appendice ; Bibliografia. 650 4$aPadri Apostolici.$0(OLS)http://semarc/subject/1669 700 1 $aScorza Barcellona, Francesco.$0(OLS)http://semarc/name/35208 830 0$aCorona Patrum ;$v1.$0(OLS)http://semarc/title/596 850 $aSeMil 852 $aSeMil$W1$xVenegono$y1$m2T III 101$j36859$B36859$CSeMilBibl$Z2$F36862 $81 996 $6245$aEpistola di Barnaba =$bBarnabae Epistula$9(OLS)http://semarc/title/113586 996 $6246$aBarnabae Epistula$9(OLS)http://semarc/title/113587 996 $6260$aTorino :$bSocietà Editrice Internazionale$9(OLS)http://semarc/publisher/29847